Vista normal
Vista MARC
Entrada Nombre personal
Número de registros utilizados en: 2
001 - NÚMERO DE CONTROL
- Campo de control: 25940
003 - IDENTIFICADOR DE NÚMERO DE CONTROL
- Campo de control: OSt
005 - FECHA Y HORA DE LA ULTIMA MODIFICACION
- Campo de control: 20140924145612.0
008 - ELEMENTOS DE DATOS DE LONGITUD FIJA
- Campo de longitud fija: 140924|| aca||aabn | a|a d
040 ## - FUENTE DE LA CATALOGACIÓN
- Agencia original de catalogación: OSt
100 1# - ENCABEZAMIENTO--NOMBRE DE PERSONA
- Nombre personal: Prada, Marisa de
400 1# - TRAZADO VEÁSE--NOMBRE DE PERSONA
- Nombre personal: Prada Segovia, Marisa de
670 ## - FUENTE DE DATOS ENCONTRADOS
- Fuente de citación: Fichero de Autoridades Virtual Internacional, 24-09-2014